Perspectivas del multilateralismo /

Saved in:
Bibliografiske detaljer
Andre forfattere: Wüst Zibetti, Fabiola (editora.), Cáceres B., Javiera (editora.), Muñoz N., Felipe (editora.), Klaveren, Alberto van (autor.), Moure, Ana María (autora.)
Format: eBog
Sprog:spansk
Udgivet: Santiago de Chile : RIL Editores, 2024.
Fag:
Online adgang:https://elibro.unach.elogim.com/es/lc/unach/titulos/281139
Tags: Tilføj Tag
Ingen Tags, Vær først til at tagge denne postø!

MARC

LEADER 00000nam a2200000 i 4500
001 ELB281139
003 FINmELB
005 20250521173015.0
006 m o d |
007 cr cnu||||||||
008 250425s2024 cl o 001 0 spa d
020 |a 9789560115997  |q (print) 
035 |a (OCoLC)1520571360 
040 |a FINmELB  |b spa  |e rda  |c FINmELB 
050 4 |a HF1480.5  |b P467 2024 
080 |a 339.9(8) 
082 0 4 |a 337.8  |2 23 
245 0 0 |a Perspectivas del multilateralismo /  |c Fabiola Wüst Zibetti, Javiera Cáceres, Felipe Muñoz (editores) ; Alberto Van Klaveren, Ana María Moure, Catalina Vargas Palacios, Danisa López Díaz, Diego Arancibia Morales, Dorotea López Giral, Erica Joseph, Fabiola Wüst Zibetti, Felipe Muñoz, Guy Juillet, Hugo Harvey, Javiera Cáceres, Jorge Riquelme, María Teresa Infante, Natalia Vargas Palacios, Pedro Luis Enrique Cañete Ortiz, Sebastián Osorio, Yvonne Georgina Tovar Silva. 
264 1 |a Santiago de Chile :  |b RIL Editores,  |c 2024. 
300 |a 1 recurso en línea (220 páginas) 
336 |a texto  |b txt  |2 rdacontent/spa 
337 |a computadora  |b c  |2 rdamedia/spa 
338 |a recurso en línea  |b cr  |2 rdacarrier/spa 
500 |a Incluye índice. 
588 |a Descripción basada en metadatos suministrados por el editor y otras fuentes. 
590 |a Recurso electrónico. Santa Fe, Arg.: elibro, 2025. Disponible vía World Wide Web. El acceso puede estar limitado para las bibliotecas afiliadas a elibro. 
650 4 |a Cooperación internacional. 
650 4 |a Globalización  |z América Latina. 
650 4 |a Relaciones internacionales. 
655 4 |a Libros electrónicos. 
700 1 |a Wüst Zibetti, Fabiola,  |e editora. 
700 1 |a Cáceres B., Javiera,  |e editora. 
700 1 |a Muñoz N., Felipe,  |e editora. 
700 1 |a Klaveren, Alberto van,  |e autor. 
700 1 |a Moure, Ana María,  |e autora. 
797 2 |a elibro, Corp. 
856 4 0 |u https://elibro.unach.elogim.com/es/lc/unach/titulos/281139